00427nam a22001577a 4500003001200000005001700012008004100029020001500070040001200085082001600097100002300113245005900136250002000195260001100215650004300226NUST - PNEC20170116181003.0150912b xxu||||| |||| 00| 0 eng d a1556152973 cLIBRARY a005.52 BOO a Boom, Michael aLearn microsoft word for windows now c Michael Boom  aSpecial edition cc.1990 aWord processingxMIS. Computer Science